{"text_format":"1","workbook":"xlsx","n_sheets":4,"sheets":["Employee Records","Wages","Personal Information","Workplace Information"],"not_rendered":{"charts":1,"images":0,"macros":1,"external_links":0,"defined_names":1,"comments":0,"pivot_tables":0},"unopened":[],"bounds":{"document_bytes":16777216,"sheet_cells":100000,"rows_first":2000,"rows_last":500,"rows_between":2000,"halvings":0,"cell_chars":16384,"cell_head_chars":4096},"cells_cut":0,"cells_raw":0,"read":"whole","date_system":"1900"}

{"sheet":"Employee Records","index":0,"n_rows":16,"n_cols":24,"rows_kept":16,"cut":false,"hidden":false,"merged":[]}
["First Name","Middle Initial","Last Name","SS#","Street Address","City","State","Zip","DOB","Gender","Job Title","Time","Workweek Days","Hours Worked Each Day","Hourly/Salary","Hourly Paygrade","Hours Worked Each Week","Weekly Straight-Time","Weekly OT Pay","Deductions","Additions","Pay Period Covered","Pay Date","Wages Paid by Pay Period"]
["Sean","S.","Astin","xxx-xx-xxxx","2843 Velvet Gate Diversion","Taylors Gut Landing","OH","45577-1620","1980-10-29","M","Packer","7:30AM","M-F",8,"Hourly",10,40,400,45,25,"N/A","Weekly","Friday",375]
["Cabe","D.","Blanchett","xxx-xx-xxxx","2155 Misty Treasure Orchard","Miami Beach","OH","44900-8522","1990-11-18","F","HR","7:30AM","M-F",8,"Salary","N/A",40,650,"N/A",62,"N/A","Weekly","Friday",588]
["Billy","H.","Boyd","xxx-xx-xxxx","9112 Foggy Cider Arbor","Wakapami","OH","44841-3316","1997-03-26","M","Receiver","7:30AM","M-F",8,"Hourly",12,40,480,54,50,"N/A","Weekly","Friday",430]
["Scott","N.","Campbell","xxx-xx-xxxx","9992 Thunder Bluff Highlands","Swamproot","OH","44618-0009","1969-07-07","M","Warehouse Worker","7:30AM","M-F",8,"Hourly",10,40,400,"N/A",25,"N/A","Weekly","Friday",375]
["Thomas","H.","Cook","xxx-xx-xxxx","5631 Hidden Plaza","Tugwell","OH","44576-5668","1968-09-05","M","Order Puller","7:30AM","M-F",8,"Hourly",10,40,400,"N/A",25,"N/A","Weekly","Friday",375]
["Ryan","P.","Erdly","xxx-xx-xxxx","9278 Old Nook","Frijoles","OH","45652-7010","1991-08-03","M","Material Handler","7:30AM","M-F",8,"Hourly",11,40,440,49.5,50,"N/A","Weekly","Friday",390]
["Karen","A.","Houchins","xxx-xx-xxxx","6193 Dewy Horse Crest","Rushsylvania","OH","45836-8913","1961-05-23","F","Logistics Supervisor","7:30AM","M-F",8,"Hourly",14,40,560,63,50,"N/A","Weekly","Friday",510]
["Emma","L.","Kight","xxx-xx-xxxx","3047 Sleepy Townline","Stamp","OH","44509-5124","1997-02-27","F","Order Puller","7:30AM","M-F",8,"Hourly",10,40,400,"N/A",25,"N/A","Weekly","Friday",375]
["Tabitha","C.","McDermott","xxx-xx-xxxx","3366 Harvest Prairie Circuit","Lick","OH","43339-3025","1981-06-08","F","Logistics Supervisor","7:30AM","M-F",8,"Hourly",12,40,480,"N/A",50,"N/A","Weekly","Friday",430]
["Dominic","M.","Monaghan","xxx-xx-xxxx","7360 Quiet Barn Ridge","Little Chief","OH","45758-1959","1975-05-22","M","Supply-Chain Manager ","7:30AM","M-F",8,"Salary","N/A",40,600,"N/A",62,"N/A","Weekly","Friday",538]
["Viggo","K.","Mortensen","xxx-xx-xxxx","1440 Broad Pine Trail","Congo","OH","45854-2081","1988-01-14","M","CEO","7:30AM","M-F",8,"Salary","N/A",40,900,"N/A",62,"N/A","Weekly","Friday",838]
["Rick","L.","Petty","xxx-xx-xxxx","8796 Indian Fox Mountain","Humble City","OH","43451-3789","1982-06-20","M","Logistics Director","7:30AM","M-F",8,"Salary","N/A",40,600,"N/A",62,"N/A","Weekly","Friday",538]
["Alex","D.","Pritt","xxx-xx-xxxx","7460 Lost Campus","Wax","OH","45700-1285","1971-10-30","M","Order Puller","7:30AM","M-F",8,"Hourly",10,40,400,45,25,"N/A","Weekly","Friday",375]
["Bonnie","P.","Quinn","xxx-xx-xxxx","4836 Colonial Panda Terrace","Tarhe Town","OH","45645-7536","1993-09-28","F","Transportation Manager","7:30AM","M-F",8,"Salary","N/A",40,600,"N/A",62,"N/A","Weekly","Friday",538]
["Treva","A.","Reid","xxx-xx-xxxx","5436 Noble Lake Hollow","Hoople","OH","43004-4614","1955-05-15","F","Order Puller","7:30AM","M-F",8,"Hourly",10,40,400,45,25,"N/A","Weekly","Friday",375]

{"sheet":"Wages","index":1,"n_rows":16,"n_cols":3,"rows_kept":16,"cut":false,"hidden":false,"merged":[]}
["Hourly/Salary","Job Title","Wages Paid by Pay Period"]
["Hourly","Packer",375]
["Salary","HR",588]
["Hourly","Receiver",430]
["Hourly","Warehouse Worker",375]
["Hourly","Order Puller",375]
["Hourly","Material Handler",390]
["Hourly","Logistics Supervisor",510]
["Hourly","Order Puller",375]
["Hourly","Logistics Supervisor",430]
["Salary","Supply-Chain Manager ",538]
["Salary","CEO",838]
["Salary","Logistics Director",538]
["Hourly","Order Puller",375]
["Salary","Transportation Manager",538]
["Hourly","Order Puller",375]

{"sheet":"Personal Information","index":2,"n_rows":16,"n_cols":10,"rows_kept":16,"cut":false,"hidden":false,"merged":[]}
["First Name","Middle Initial","Last Name","SS#","Street Address","City","State","Zip","DOB","Gender"]
["Sean","S.","Astin","xxx-xx-xxxx","2843 Velvet Gate Diversion","Taylors Gut Landing","OH","45577-1620","1980-10-29","M"]
["Cabe","D.","Blanchett","xxx-xx-xxxx","2155 Misty Treasure Orchard","Miami Beach","OH","44900-8522","1990-11-18","F"]
["Billy","H.","Boyd","xxx-xx-xxxx","9112 Foggy Cider Arbor","Wakapami","OH","44841-3316","1997-03-26","M"]
["Scott","N.","Campbell","xxx-xx-xxxx","9992 Thunder Bluff Highlands","Swamproot","OH","44618-0009","1969-07-07","M"]
["Thomas","H.","Cook","xxx-xx-xxxx","5631 Hidden Plaza","Tugwell","OH","44576-5668","1968-09-05","M"]
["Ryan","P.","Erdly","xxx-xx-xxxx","9278 Old Nook","Frijoles","OH","45652-7010","1991-08-03","M"]
["Karen","A.","Houchins","xxx-xx-xxxx","6193 Dewy Horse Crest","Rushsylvania","OH","45836-8913","1961-05-23","F"]
["Emma","L.","Kight","xxx-xx-xxxx","3047 Sleepy Townline","Stamp","OH","44509-5124","1997-02-27","F"]
["Tabitha","C.","McDermott","xxx-xx-xxxx","3366 Harvest Prairie Circuit","Lick","OH","43339-3025","1981-06-08","F"]
["Dominic","M.","Monaghan","xxx-xx-xxxx","7360 Quiet Barn Ridge","Little Chief","OH","45758-1959","1975-05-22","M"]
["Viggo","K.","Mortensen","xxx-xx-xxxx","1440 Broad Pine Trail","Congo","OH","45854-2081","1988-01-14","M"]
["Rick","L.","Petty","xxx-xx-xxxx","8796 Indian Fox Mountain","Humble City","OH","43451-3789","1982-06-20","M"]
["Alex","D.","Pritt","xxx-xx-xxxx","7460 Lost Campus","Wax","OH","45700-1285","1971-10-30","M"]
["Bonnie","P.","Quinn","xxx-xx-xxxx","4836 Colonial Panda Terrace","Tarhe Town","OH","45645-7536","1993-09-28","F"]
["Treva","A.","Reid","xxx-xx-xxxx","5436 Noble Lake Hollow","Hoople","OH","43004-4614","1955-05-15","F"]

{"sheet":"Workplace Information","index":3,"n_rows":16,"n_cols":17,"rows_kept":16,"cut":false,"hidden":false,"merged":[]}
["First Name","Middle Initial","Last Name","Job Title","Time","Workweek Days","Hours Worked Each Day","Hourly/Salary","Hourly Paygrade","Hours Worked Each Week","Weekly Straight-Time","Weekly OT Pay","Deductions","Additions","Pay Period Covered","Pay Date","Wages Paid by Pay Period"]
["Sean","S.","Astin","Packer","7:30AM","M-F",8,"Hourly",10,40,400,45,25,"N/A","Weekly","Friday",375]
["Cabe","D.","Blanchett","HR","7:30AM","M-F",8,"Salary","N/A",40,650,"N/A",62,"N/A","Weekly","Friday",588]
["Billy","H.","Boyd","Receiver","7:30AM","M-F",8,"Hourly",12,40,480,54,50,"N/A","Weekly","Friday",430]
["Scott","N.","Campbell","Warehouse Worker","7:30AM","M-F",8,"Hourly",10,40,400,"N/A",25,"N/A","Weekly","Friday",375]
["Thomas","H.","Cook","Order Puller","7:30AM","M-F",8,"Hourly",10,40,400,"N/A",25,"N/A","Weekly","Friday",375]
["Ryan","P.","Erdly","Material Handler","7:30AM","M-F",8,"Hourly",11,40,440,49.5,50,"N/A","Weekly","Friday",390]
["Karen","A.","Houchins","Logistics Supervisor","7:30AM","M-F",8,"Hourly",14,40,560,63,50,"N/A","Weekly","Friday",510]
["Emma","L.","Kight","Order Puller","7:30AM","M-F",8,"Hourly",10,40,400,"N/A",25,"N/A","Weekly","Friday",375]
["Tabitha","C.","McDermott","Logistics Supervisor","7:30AM","M-F",8,"Hourly",12,40,480,"N/A",50,"N/A","Weekly","Friday",430]
["Dominic","M.","Monaghan","Supply-Chain Manager ","7:30AM","M-F",8,"Salary","N/A",40,600,"N/A",62,"N/A","Weekly","Friday",538]
["Viggo","K.","Mortensen","CEO","7:30AM","M-F",8,"Salary","N/A",40,900,"N/A",62,"N/A","Weekly","Friday",838]
["Rick","L.","Petty","Logistics Director","7:30AM","M-F",8,"Salary","N/A",40,600,"N/A",62,"N/A","Weekly","Friday",538]
["Alex","D.","Pritt","Order Puller","7:30AM","M-F",8,"Hourly",10,40,400,45,25,"N/A","Weekly","Friday",375]
["Bonnie","P.","Quinn","Transportation Manager","7:30AM","M-F",8,"Salary","N/A",40,600,"N/A",62,"N/A","Weekly","Friday",538]
["Treva","A.","Reid","Order Puller","7:30AM","M-F",8,"Hourly",10,40,400,45,25,"N/A","Weekly","Friday",375]